Colors by Hint - Statistics

General Stats
  • This quiz has been taken 94 times
  • The average score is 6 of 7
Answer Stats
Hint Color % Correct
Anger Red
99%
Sadness Blue
94%
Greed Green
89%
Happiness Yellow
87%
Evil Black
85%
Purity White
82%
Royalty Purple
81%
No matching quizzes found
Score Distribution
Percent of People with Each Score
Percentile by Number Answered
Your Score History
You have not taken this quiz